[Event "LJEM M-V 2025 u18"]
[Site "Malchow"]
[Date "2025.02.02"]
[Round "3.4"]
[White "Thormählen, Tjark"]
[Black "Willam, Max Bastian"]
[Result "1-0"]
[WhiteElo "1626"]
[BlackElo "1669"]
[Time "14:30:00"]
[WhiteTeam "SG Güstrow/Teterow"]
[BlackTeam "SSC Rostock 07"]

1.e4 e5 2.Nf3 Nc6 3.Bc4 Nf6 4.d3 Bc5 5.Bg5 h6 6.Bh4 d6 7.h3 Be6 8.Nbd2 g5 
9.Bg3 Nh5 10.Bh2 Nf4 11.Bxf4 gxf4 12.c3 Qf6 13.Qb3 O-O-O 14.Bd5 Bxd5 15.
exd5 Ne7 16.Ne4 Qg6 17.Nxc5 dxc5 18.Nxe5 Qxg2 19.O-O-O Rxd5 20.Ng4 Rhd8 
21.Rhe1 Rxd3 22.Rxd3 Rxd3 23.Qxf7 Nc6 24.Qf5+ Rd7 25.Nf6 Qg7 26.Nxd7 Qxd7 
27.Qxd7+ Kxd7 28.Re4 Kd6 29.Rxf4 Ne5 30.Rf6+ Kd5 31.Kc2 h5 32.f4 Nc4 33.
Rf5+ Kc6 34.Rxh5 Ne3+ 35.Kd3 Nd5 36.Rh6+ Kd7 37.Ke4 c6 38.Ke5 a5 39.Rd6+ 
Ke7 40.Rxd5 cxd5 41.Kxd5 Kf6 42.Kxc5 Kf5 43.a4 Kxf4 44.Kb5 Kg3 45.Kxa5 
Kxh3 46.Kb6 Kg4 47.Kxb7 Kf5 48.a5 Ke4 49.a6 Kd3 50.a7 Kc2 51.a8=Q Kxb2 52.
Kb6 Kxc3 53.Qd5 Kb2 54.Qc4 Ka1 55.Qb4 Ka2 56.Kc5 Ka1 57.Kc4 Ka2 58.Kc3 Ka1
59.Qb2# 1-0

[Event "LJEM M-V 2025 u18"]
[Site "Malchow"]
[Date "2025.02.02"]
[Round "3.5"]
[White "Stepanjan, Marianne"]
[Black "Asmussen, Johann"]
[Result "0-1"]
[WhiteElo "1689"]
[BlackElo "1541"]
[Time "14:30:00"]
[WhiteTeam "ESV 1888 Wittenberge"]
[BlackTeam "HSG Stralsund"]

1.e4 Nc6 2.d4 d5 3.e5 f6 4.Bb5 Bf5 5.Bxc6+ bxc6 6.Nf3 e6 7.Qe2 Rb8 8.O-O 
c5 9.exf6 Qxf6 10.dxc5 Bxc5 11.Nc3 Ne7 12.Nb5 Rb7 13.Nc3 O-O 14.Ne5 c6 15.
Na4 Bd4 16.Nf3 Bg4 17.Re1 Bxf3 18.Qxf3 Bxf2+ 19.Kf1 Qxf3 20.gxf3 Bxe1 21.
Kxe1 Rxf3 22.Nc5 Rb4 23.b3 Rg4 24.Ke2 Rc3 25.Nd3 Rxc2+ 26.Ke3 Nf5+ 0-1

[Event "LJEM M-V 2025 u18"]
[Site "Malchow"]
[Date "2025.02.02"]
[Round "3.6"]
[White "Radtke, Thorben"]
[Black "Hartung, Kim"]
[Result "0-1"]
[WhiteElo "1594"]
[BlackElo "1666"]
[Time "14:30:00"]
[WhiteTeam "ESV Waren"]
[BlackTeam "PSV Ribnitz-Damgarten"]

1.e4 c6 2.d4 d5 3.e5 Bf5 4.Nf3 e6 5.c4 Ne7 6.Qb3 Qc7 7.Bg5 h6 8.Bh4 Nd7 9.
Nbd2 Bg6 10.g3 Nf5 11.Bd3 Nxh4 12.Nxh4 Bxd3 13.Qxd3 dxc4 14.Nxc4 Bb4+ 15.
Kf1 Rd8 16.Nf3 b5 17.Qb3 a5 18.Ne3 c5 19.Qc2 c4 20.a3 Be7 21.Rd1 Nb6 22.
Kg2 O-O 23.h4 Nd5 24.Ng5 Nxe3+ 25.fxe3 hxg5 26.hxg5 g6 27.Rh3 Kg7 28.b3 
Bxa3 29.Ra1 Bb4 30.Qf2 Qb7+ 31.Kf1 Be7 32.Ke2 Bxg5 33.g4 Qe4 34.Rah1 Qc2+ 
35.Kf1 Qxf2+ 36.Kxf2 Rh8 37.bxc4 Rxh3 38.Rxh3 bxc4 39.Rh1 a4 40.Ra1 Ra8 
41.Kf3 c3 42.Ra2 a3 43.Ke2 c2 44.Kd2 Bxe3+ 45.Kxc2 Bxd4 46.Kd3 Bxe5 47.Ke4
Bb2 48.Kd3 Rc8 49.g5 Rc1 50.Kd2 Ra1 51.Rxa1 Bxa1 52.Kc2 Bb2 53.Kb1 f5 54.
gxf6+ Kxf6 55.Ka2 g5 56.Kb1 g4 57.Ka2 g3 58.Kb1 g2 59.Ka2 g1=Q 60.Kb3 Qb6+
61.Ka2 Bc1 62.Ka1 Qb2# 0-1

[Event "LJEM M-V 2025 u18"]
[Site "Malchow"]
[Date "2025.02.02"]
[Round "3.7"]
[White "Karff, Tom"]
[Black "Gorski, Paul Peter"]
[Result "1/2-1/2"]
[WhiteElo "1850"]
[BlackElo "1657"]
[Time "14:30:00"]
[WhiteTeam "SG Güstrow/Teterow"]
[BlackTeam "Think Rochade - SC HRO"]

1.e4 c6 2.Nf3 d5 3.Nc3 Bg4 4.exd5 cxd5 5.d4 Nc6 6.Be2 e6 7.a3 Nf6 8.Bf4 
Bd6 9.Bxd6 Qxd6 10.h3 Bf5 11.O-O O-O 12.Re1 h6 13.Bd3 Bxd3 14.Qxd3 Rac8 
15.Rac1 Rfd8 16.g3 a6 1/2-1/2

[Event "LJEM M-V 2025 u18"]
[Site "Malchow"]
[Date "2025.02.02"]
[Round "3.8"]
[White "Franke, Jasper"]
[Black "Sens, Gerda"]
[Result "0-1"]
[WhiteElo "996"]
[BlackElo "1581"]
[Time "14:30:00"]
[WhiteTeam "SG Güstrow/Teterow"]
[BlackTeam "SSC Rostock 07"]

1.e4 e5 2.Nf3 Nc6 3.d4 exd4 4.Nxd4 Bc5 5.Be3 Bb6 6.Bc4 Nf6 7.Qd3 O-O 8.O-O
Ne5 9.Qe2 Nxe4 10.Bd3 Nxd3 11.Qxd3 d5 12.Nc3 Re8 13.Rfe1 c6 14.f3 Nf6 15.
Rad1 Be6 16.Nxe6 Rxe6 17.Bxb6 Qxb6+ 18.Kf1 Qxb2 19.Rb1 Rxe1+ 20.Kxe1 Re8+ 
21.Kd2 Qa3 22.Rxb7 Qc5 23.g4 g6 24.Ne2 Qf2 25.Rc7 c5 26.c4 d4 27.Rxa7 Re3 
28.Ra3 Rxd3+ 29.Rxd3 Qxh2 30.a4 Qb8 31.Kc2 Qb4 32.Nxd4 Qxc4+ 0-1

[Event "LJEM M-V 2025 u18"]
[Site "Malchow"]
[Date "2025.02.02"]
[Round "3.9"]
[White "Röseler, Ole"]
[Black "Vollmer, Willem Maarten"]
[Result "1/2-1/2"]
[WhiteElo "1116"]
[BlackElo "1385"]
[Time "14:30:00"]
[WhiteTeam "SG Güstrow/Teterow"]
[BlackTeam "SF Schwerin"]

1.d4 d5 2.c4 c6 3.Nc3 Bf5 4.Nf3 e6 5.Bf4 h6 6.h4 Nf6 7.e3 Bd6 8.Bxd6 Qxd6 
9.c5 Qc7 10.Be2 O-O 11.Ne5 Nbd7 12.g4 Be4 13.Nxd7 Qxd7 14.Rg1 Qc7 15.Bf3 
Qh2 16.Rh1 Bxf3 17.Qxf3 Qc7 18.g5 Nh7 19.O-O-O Kh8 20.gxh6 gxh6 21.Qh5 f5 
22.Qxh6 Rf6 23.Qh5 e5 24.Rhg1 exd4 25.Rxd4 Qf7 26.Qxf7 Rxf7 27.f3 Raf8 28.
Kd2 Nf6 29.Rg5 Nd7 30.b4 Ne5 31.Rf4 Kh7 32.e4 Ng6 33.Rgxf5 Rxf5 34.exf5 
Ne7 35.Rg4 Rxf5 36.Ke3 Ng6 37.Ne2 Re5+ 38.Kf2 Kh6 39.Nf4 Nxf4 40.Rxf4 Re7 
41.Kg3 Rd7 42.Rf6+ Kh5 43.f4 Rg7+ 44.Kh3 Rg1 45.Rf7 Ra1 46.Rxb7 Rxa2 47.
Rc7 Ra3+ 48.Kg2 Ra6 49.Kf3 Ra3+ 50.Ke2 Ra6 51.Kd3 Kxh4 52.Kd4 Ra4 53.Rxc6 
Rxb4+ 54.Kxd5 Rxf4 55.Ra6 Rf7 56.c6 Kg4 57.Ke6 Rh7 58.Kd6 Kf4 59.c7 Rh6+ 
60.Kd7 Rxa6 61.c8=Q Rf6 62.Ke7 Rf5 63.Qb8+ Ke4 64.Qxa7 Rf3 65.Qa8+ Kf4 66.
Ke6 Re3+ 67.Kd5 Re5+ 68.Kd4 Rf5 69.Qb8+ Kg5 70.Ke4 Rf7 71.Qd8+ Kg6 72.Ke5 
Rf3 73.Qe8+ Kg7 74.Qe7+ Kg6 75.Qe6+ Kh5 76.Qg8 Rf1 77.Qg2 Rf8 78.Qe2+ Kg5 
79.Qd2+ Kh5 80.Qd1+ Kg5 81.Qc1+ Kh5 1/2-1/2

[Event "LJEM M-V 2025 u18"]
[Site "Malchow"]
[Date "2025.02.02"]
[Round "3.10"]
[White "Mochtak, Maximilian"]
[Black "Kunz, Chayenne"]
[Result "1-0"]
[WhiteElo "1507"]
[BlackElo "829"]
[Time "14:30:00"]
[WhiteTeam "TuS Makkabi Rostock"]
[BlackTeam "ESV Waren"]

1.d4 d5 2.Nf3 Nc6 3.Bf4 e6 4.e3 Nf6 5.h3 Be7 6.Nbd2 O-O 7.c4 b6 8.Qc2 Nb4 
9.Qc3 Nc6 10.cxd5 Qxd5 11.Bc4 Qd7 12.Bb5 Bb7 13.Ne5 Qd5 14.Bxc6 Bxc6 15.
Qxc6 Rac8 16.Qxd5 Nxd5 17.Nc6 Bf6 18.Ne4 Bd8 19.Nxd8 Rcxd8 20.Rc1 Rd7 21.
Nc3 Nb4 22.O-O c6 23.a3 Nd3 24.Rc2 c5 25.dxc5 Nxc5 26.Rd1 Rfd8 27.Rxd7 
Rxd7 28.e4 h6 29.Rd2 a6 30.Rxd7 Nxd7 31.Be3 b5 32.b4 Kh7 33.a4 a5 34.bxa5 
b4 35.Nb5 b3 36.Bd4 e5 37.Ba1 Nc5 38.Nc3 f6 39.Kf1 Nd3 40.Nd1 Nb4 41.Ke2 
Nc2 42.Bb2 Nb4 43.Kd2 Nc6 44.a6 g5 45.Kc3 Kg6 46.Kxb3 h5 47.Nc3 g4 48.hxg4
hxg4 49.g3 f5 50.exf5+ Kxf5 51.Nb5 Ke6 52.a7 Nxa7 53.Nxa7 Kd7 54.Bxe5 Ke6 
55.Bf4 Kd5 56.Kb4 Ke4 57.a5 Kf3 58.a6 Kxf2 59.Nc6 Kf3 60.a7 Kg2 61.a8=Q 
Kh3 62.Qa1 Kg2 63.Nd4 Kf2 64.Qb2+ Kg1 65.Ne2+ Kf2 66.Qd2 Kf1 67.Be5 Kg2 
68.Qe3 Kf1 69.Bd4 Ke1 70.Nc3+ Kf1 71.Qf2# 1-0

[Event "LJEM M-V 2025 u18"]
[Site "Malchow"]
[Date "2025.02.03"]
[Round "4.1"]
[White "Krause, Enrico"]
[Black "Walz, Fabian"]
[Result "0-1"]
[WhiteElo "1828"]
[BlackElo "1881"]
[Time "08:30:00"]
[WhiteTeam "Think Rochade - SC HRO"]
[BlackTeam "SSC Rostock 07"]

1.c4 e6 2.Nc3 d5 3.d4 Nf6 4.Bg5 Be7 5.cxd5 exd5 6.Nf3 O-O 7.Qc2 Re8 8.e3 
c6 9.Ne5 Ng4 10.h4 h6 11.O-O-O hxg5 12.hxg5 Bxg5 13.f4 Qe7 14.Qe2 f5 15.
Rd3 Nd7 16.g3 Ndf6 17.Nd1 Ne4 18.Bg2 Nxg3 0-1

[Event "LJEM M-V 2025 u18"]
[Site "Malchow"]
[Date "2025.02.03"]
[Round "4.2"]
[White "Schott, Andy"]
[Black "Schulz, Bruno Andreas"]
[Result "1-0"]
[WhiteElo "1843"]
[BlackElo "1819"]
[Time "08:30:00"]
[WhiteTeam "SG Güstrow/Teterow"]
[BlackTeam "TuS Makkabi Rostock"]

1.Nf3 d6 2.d4 Nf6 3.g3 g6 4.Bg2 Bg7 5.O-O O-O 6.b3 c5 7.Bb2 Nbd7 8.d5 Rb8 
9.Re1 b5 10.e4 Nb6 11.Nbd2 Ba6 12.Rb1 Qc7 13.Nh4 Rfc8 14.Bh3 Re8 15.Qe2 c4
16.Bd4 c3 17.Nf1 Qb7 18.f4 b4 19.Qf3 h5 20.Ne3 Bb5 21.Bg2 Bd7 22.h3 Qc8 
23.Kh2 a5 24.Rbd1 e5 25.dxe6 Rxe6 26.f5 Rxe4 27.Bxf6 Rxe3 28.Rxe3 Bxf6 29.
fxg6 Bg7 30.gxf7+ Kh7 31.Qxh5+ Bh6 32.Qg6+ Kh8 33.Qxh6# 1-0

[Event "LJEM M-V 2025 u18"]
[Site "Malchow"]
[Date "2025.02.03"]
[Round "4.3"]
[White "Lippitz, Jaden"]
[Black "Asmussen, Johann"]
[Result "1-0"]
[WhiteElo "1791"]
[BlackElo "1541"]
[Time "08:30:00"]
[WhiteTeam "SG Güstrow/Teterow"]
[BlackTeam "HSG Stralsund"]

1.e4 Nc6 2.d4 d5 3.e5 Bf5 4.Bb5 Qd7 5.Nf3 f6 6.c3 e6 7.Bf4 a6 8.Ba4 Be7 9.
Nbd2 b5 10.Bc2 fxe5 11.Bxe5 Bf6 12.Bxf5 Bxe5 13.Bxh7 Bxd4 14.Bg6+ Ke7 15.
Nxd4 Ne5 16.Bc2 Nf6 17.N2f3 Qd6 18.Qe2 Nxf3+ 19.gxf3 Kd7 20.O-O-O c5 21.
Nb3 c4 22.Nd4 Rae8 23.Rhg1 Re7 24.Rde1 Nh5 25.Qe5 Qxe5 26.Rxe5 Nf4 27.Rg4 
Kd6 28.Reg5 e5 29.Nf5+ Ke6 30.Nxe7 Kxe7 31.Rxe5+ Kd6 32.Re1 Nd3+ 33.Bxd3 
cxd3 34.Rg6+ Kc5 35.b4+ Kc4 36.Rc6# 1-0

[Event "LJEM M-V 2025 u18"]
[Site "Malchow"]
[Date "2025.02.03"]
[Round "4.4"]
[White "Hartung, Kim"]
[Black "Thormählen, Tjark"]
[Result "1-0"]
[WhiteElo "1666"]
[BlackElo "1626"]
[Time "08:30:00"]
[WhiteTeam "PSV Ribnitz-Damgarten"]
[BlackTeam "SG Güstrow/Teterow"]

1.d4 d5 2.c4 e6 3.g3 Nf6 4.Bg2 Bb4+ 5.Nd2 O-O 6.Nf3 dxc4 7.O-O b5 8.a4 c6 
9.b3 c3 10.Nb1 Qa5 11.Qc2 Bb7 12.Ne5 Rd8 13.e3 Nd5 14.Nd3 Be7 15.e4 Nf6 
16.Nxc3 Rxd4 17.Be3 Rd8 18.axb5 Qc7 19.Bf4 Qb6 20.Be3 c5 21.b4 Nbd7 22.
bxc5 Nxc5 23.Nxc5 Bxc5 24.Na4 Qxb5 25.Qxc5 Qd3 26.Qc3 Qd7 27.Nc5 Qc7 28.
Qa5 Qxa5 29.Rxa5 Bc6 30.Bg5 e5 31.Bxf6 gxf6 32.Bf3 f5 33.Kg2 Rac8 34.Rfa1 
Rd4 35.exf5 Bxf3+ 36.Kxf3 Rd5 37.Ne4 Rd3+ 38.Kg2 Rc4 39.R5a4 Rc2 40.Rxa7 
Re2 41.R7a4 Kg7 42.R1a2 Re1 43.h4 Rdd1 44.Kf3 h5 45.Re2 Rd3+ 46.Re3 Rdxe3+
47.fxe3 Rf1+ 48.Nf2 Kf6 49.e4 Rb1 50.Ra6+ Kg7 51.Nd3 Rb3 52.Ke2 f6 53.Ra7+
Kf8 54.Rh7 Ra3 55.Rxh5 Kg7 56.g4 Ra2+ 57.Ke3 Rg2 58.Nf2 Rg3+ 59.Ke2 1-0

[Event "LJEM M-V 2025 u18"]
[Site "Malchow"]
[Date "2025.02.03"]
[Round "4.5"]
[White "Gorski, Paul Peter"]
[Black "Wiechhusen, Laurin-Elias"]
[Result "1/2-1/2"]
[WhiteElo "1657"]
[BlackElo "1708"]
[Time "08:30:00"]
[WhiteTeam "Think Rochade - SC HRO"]
[BlackTeam "SF Schwerin"]

1.e4 c5 2.Nc3 Nc6 3.b3 Nf6 4.Bb2 g6 5.Nd5 Bg7 6.Nxf6+ exf6 7.Bc4 O-O 8.Nf3
Re8 9.d3 f5 10.Bxg7 Kxg7 11.O-O fxe4 12.dxe4 Rxe4 13.Qd5 Rf4 14.Qxc5 Rf5 
15.Qd6 Qe7 16.Qxe7 Nxe7 17.Rfe1 Kf6 18.Re3 Rc5 19.Rae1 d5 20.Bd3 Rc7 21.
Nd4 a6 22.Rf3+ Kg7 23.Re5 Nc6 24.Rxd5 Bg4 25.Re3 Nb4 26.Rd6 Nxd3 27.Rxd3 
Re8 28.Re3 Rxe3 29.fxe3 Rc3 30.Kf2 Bd1 31.Rb6 1/2-1/2

[Event "LJEM M-V 2025 u18"]
[Site "Malchow"]
[Date "2025.02.03"]
[Round "4.6"]
[White "Willam, Max Bastian"]
[Black "Karff, Tom"]
[Result "1-0"]
[WhiteElo "1669"]
[BlackElo "1850"]
[Time "08:30:00"]
[WhiteTeam "SSC Rostock 07"]
[BlackTeam "SG Güstrow/Teterow"]

1.e4 e5 2.Bc4 Nf6 3.d4 exd4 4.Nf3 Nc6 5.Nxd4 Ne5 6.Bd3 Bc5 7.Nb3 Bb6 8.h3 
d6 9.Bg5 h6 10.Bh4 Ng6 11.Bg3 Qe7 12.Nc3 Be6 13.Qf3 Bxb3 14.axb3 Ne5 15.
Bxe5 Qxe5 16.O-O-O O-O-O 17.Na4 Rhf8 18.Nxb6+ axb6 19.Rhe1 Rde8 20.Re2 Re7
21.c3 Qh5 22.g4 Qg5+ 23.Kc2 Rfe8 24.Ra1 Kb8 25.Ra4 Nd7 26.Qg3 Nc5 27.Rd4 
Nxd3 28.Qxd3 Qg6 29.Re1 d5 30.Rxd5 Rxe4 31.Rd8+ Rxd8 32.Qxd8+ Ka7 33.Rxe4 
Qxe4+ 34.Qd3 Qg2 35.Qe3 Qd5 36.f3 Kb8 37.Qe4 Qd7 38.f4 Ka7 39.Qa4+ Qxa4 
40.bxa4 Ka6 41.b4 b5 42.Kb3 bxa4+ 43.Kxa4 Kb6 44.c4 Kc6 45.Ka5 g5 46.f5 f6
47.c5 Kd5 48.Kb5 c6+ 49.Kb6 1-0

[Event "LJEM M-V 2025 u18"]
[Site "Malchow"]
[Date "2025.02.03"]
[Round "4.7"]
[White "Sens, Gerda"]
[Black "Radtke, Thorben"]
[Result "0-1"]
[WhiteElo "1581"]
[BlackElo "1594"]
[Time "08:30:00"]
[WhiteTeam "SSC Rostock 07"]
[BlackTeam "ESV Waren"]

1.e4 e5 2.Nf3 Nc6 3.Bc4 Nf6 4.d3 Bc5 5.c3 d6 6.Be3 Bxe3 7.fxe3 Bg4 8.O-O 
Qd7 9.Rf2 a6 10.Nbd2 O-O-O 11.b4 d5 12.Bb3 dxe4 13.Nxe4 Nxe4 14.dxe4 Qxd1+
15.Rxd1 Rxd1+ 16.Bxd1 Rd8 17.Bb3 Bxf3 18.Rxf3 f6 19.Bc4 a5 20.b5 Na7 21.a4
Rd1+ 22.Rf1 Rd2 23.Re1 Kd8 24.Kf1 Rc2 25.Rd1+ Ke7 26.Rd3 c6 27.bxc6 Nxc6 
28.Bb5 Nb8 29.c4 Nc6 30.Rd5 h5 31.c5 g5 32.Kg1 g4 33.Bd3 Rc3 34.Bb1 Rc1+ 
35.Kf2 Rxb1 36.Rd2 Rb4 37.Rd4 0-1

[Event "LJEM M-V 2025 u18"]
[Site "Malchow"]
[Date "2025.02.03"]
[Round "4.8"]
[White "Franke, Jasper"]
[Black "Stepanjan, Marianne"]
[Result "1/2-1/2"]
[WhiteElo "996"]
[BlackElo "1689"]
[Time "08:30:00"]
[WhiteTeam "SG Güstrow/Teterow"]
[BlackTeam "ESV 1888 Wittenberge"]

1.e4 c5 2.Nf3 d6 3.d4 cxd4 4.Nxd4 Nf6 5.Nc3 a6 6.f3 e5 7.Nde2 Be7 8.Be3 
Be6 9.Qd2 Nbd7 10.g4 b5 11.h4 Nb6 12.Ng3 Nc4 13.Bxc4 bxc4 14.g5 Nd7 15.h5 
Rg8 16.Nf5 Nb6 17.Nxe7 Kxe7 18.Nd5+ Nxd5 19.exd5 Bf5 20.Rg1 Rb8 21.Qc3 Qc8
22.O-O-O Qb7 23.Rde1 Qb4 24.Qxb4 Rxb4 25.Bc5 dxc5 26.Rxe5+ Be6 27.dxe6 
fxe6 28.Rxc5 Kd6 29.Ra5 Rb6 30.Rd1+ Ke7 31.Rc5 Rb7 32.Rxc4 Rf8 33.f4 h6 
34.gxh6 gxh6 35.Rg1 Rb5 36.Rh1 Rff5 37.Rc7+ Kd6 1/2-1/2

[Event "LJEM M-V 2025 u18"]
[Site "Malchow"]
[Date "2025.02.03"]
[Round "4.9"]
[White "Vollmer, Willem Maarten"]
[Black "Mochtak, Maximilian"]
[Result "1/2-1/2"]
[WhiteElo "1385"]
[BlackElo "1507"]
[Time "08:30:00"]
[WhiteTeam "SF Schwerin"]
[BlackTeam "TuS Makkabi Rostock"]

1.e4 c5 2.Nf3 e6 3.d4 cxd4 4.Nxd4 Qc7 5.a3 Nf6 6.Nc3 a6 7.Bd3 Bc5 8.Nb3 b6
9.Nxc5 bxc5 10.O-O Bb7 11.Re1 d6 12.Qe2 Nbd7 13.Bf4 e5 14.Bg3 Rc8 15.Bxa6 
Bxa6 16.Qxa6 Qc6 17.Qxc6 Rxc6 18.Rad1 Ke7 19.f3 c4 20.Ra1 Rb8 21.Reb1 Ke6 
22.Bf2 d5 23.exd5+ Nxd5 24.Nxd5 Kxd5 25.b3 cxb3 26.cxb3 Nc5 27.Bxc5 Rxc5 
28.Rb2 Rc3 29.Rab1 f5 30.Kf2 e4 31.fxe4+ fxe4 32.a4 Kc6 33.b4 Ra3 34.a5 
Kb5 35.Rc1 Rf8+ 36.Ke2 Rf5 37.Rf1 Rg5 1/2-1/2

[Event "LJEM M-V 2025 u18"]
[Site "Malchow"]
[Date "2025.02.03"]
[Round "4.10"]
[White "Kunz, Chayenne"]
[Black "Röseler, Ole"]
[Result "1/2-1/2"]
[WhiteElo "829"]
[BlackElo "1116"]
[Time "08:30:00"]
[WhiteTeam "ESV Waren"]
[BlackTeam "SG Güstrow/Teterow"]

1.e4 e5 2.Qh5 Nc6 3.Bc4 g6 4.Qf3 Nf6 5.Nc3 Nd4 6.Qd1 Bg7 7.Nf3 O-O 8.O-O 
d6 9.Nxd4 exd4 10.Nd5 Nxe4 11.f3 Nf6 12.d3 c6 13.Nf4 d5 14.Bb3 Re8 15.c4 
dxc3 16.bxc3 Bf5 17.h3 Qc7 18.Bd2 g5 19.Ne2 Bxd3 20.Rf2 h6 21.Nd4 Bh7 22.
Bc2 Bxc2 23.Qxc2 Nd7 24.Nf5 Bf8 25.f4 Bc5 26.Kh1 Bxf2 27.c4 Nb6 28.Bc3 Bc5
29.Nxh6+ Kf8 30.Qh7 Ke7 31.Re1+ Kd8 32.Bf6+ Be7 33.Nxf7+ Kc8 34.Bxe7 Rxe7 
35.Nd6+ Qxd6 36.Rxe7 gxf4 37.Re8+ Qd8 38.Rxd8+ Kxd8 39.Qxb7 dxc4 40.Qxc6 
Rc8 41.Qd6+ Nd7 42.h4 c3 43.Qxf4 c2 44.Qc1 Ke7 45.h5 Nf6 46.h6 Kf7 47.Kh2 
Kg6 48.Kh3 1/2-1/2

[Event "LJEM M-V 2025 u18"]
[Site "Malchow"]
[Date "2025.02.04"]
[Round "5.1"]
[White "Walz, Fabian"]
[Black "Lippitz, Jaden"]
[Result "0-1"]
[WhiteElo "1881"]
[BlackElo "1791"]
[Time "08:30:00"]
[WhiteTeam "SSC Rostock 07"]
[BlackTeam "SG Güstrow/Teterow"]

1.d4 d5 2.c4 e6 3.Nf3 c6 4.Nbd2 f5 5.g3 Nf6 6.Bg2 Bd6 7.O-O O-O 8.Qc2 Nbd7
9.e3 Ne4 10.a4 a5 11.b3 g5 12.Ba3 Bxa3 13.Rxa3 Qe7 14.Raa1 b6 15.Ne1 Ba6 
16.Nd3 Rac8 17.Rfc1 e5 18.dxe5 Nxe5 19.Nxe5 Qxe5 20.Nf3 Qf6 21.Nd2 Rfd8 
22.Nxe4 dxe4 23.c5 Bd3 24.Qc3 Qxc3 25.Rxc3 b5 26.axb5 Bxb5 27.Bf1 Rb8 28.
Bxb5 Rxb5 29.Kf1 Rd5 30.Rac1 Kf7 31.Ke2 g4 32.R1c2 Ke6 33.Rc1 Kd7 34.R1c2 
Kc7 35.Rc1 Kb7 36.R1c2 Ka6 37.Rc1 Rb7 38.Ra1 Kb5 39.Rc4 Ra7 40.Rca4 Rxc5 
41.b4 Rc4 42.Rxa5+ Rxa5 43.Rxa5+ Kxb4 44.Rxf5 c5 45.Kd2 Kb3 46.Re5 Rc2+ 
47.Kd1 c4 48.Rb5+ Kc3 49.Rh5 Rxf2 50.Rxh7 Kd3 51.Ke1 Ra2 0-1

[Event "LJEM M-V 2025 u18"]
[Site "Malchow"]
[Date "2025.02.04"]
[Round "5.2"]
[White "Krause, Enrico"]
[Black "Schott, Andy"]
[Result "1-0"]
[WhiteElo "1828"]
[BlackElo "1843"]
[Time "08:30:00"]
[WhiteTeam "Think Rochade - SC HRO"]
[BlackTeam "SG Güstrow/Teterow"]

1.c4 e6 2.Nc3 d5 3.d4 Nf6 4.cxd5 exd5 5.Bg5 Be7 6.Qc2 c6 7.e3 h6 8.Bxf6 
Bxf6 9.Bd3 O-O 10.Nge2 Re8 11.O-O Be6 12.b4 a6 13.a4 Nd7 14.Nf4 Rc8 15.Qb3
Nb6 16.Kh1 Qd7 17.Qc2 Qd6 18.Rab1 Bxd4 19.Nxe6 Bxc3 20.Nc5 Be5 21.Nxb7 Qc7
22.Bxa6 Bxh2 23.g3 Bxg3 24.fxg3 Qxg3 25.Qh2 Rxe3 26.Qxg3 Rxg3 27.a5 Ra8 
28.Nc5 Nd7 29.Bb7 Rb8 30.a6 1-0

[Event "LJEM M-V 2025 u18"]
[Site "Malchow"]
[Date "2025.02.04"]
[Round "5.3"]
[White "Willam, Max Bastian"]
[Black "Hartung, Kim"]
[Result "0-1"]
[WhiteElo "1669"]
[BlackElo "1666"]
[Time "08:30:00"]
[WhiteTeam "SSC Rostock 07"]
[BlackTeam "PSV Ribnitz-Damgarten"]

1.e4 c6 2.d4 d5 3.Bd3 dxe4 4.Bxe4 Nf6 5.Nc3 Nxe4 6.Nxe4 Bf5 7.Ng3 Bg6 8.
Nf3 e6 9.h4 h6 10.h5 Bh7 11.c3 Bd6 12.Ne2 Nd7 13.Bf4 Nf6 14.Bxd6 Qxd6 15.
Ng3 O-O 16.O-O Qd5 17.Qb3 b5 18.Rfe1 a5 19.Re5 Qxb3 20.axb3 Nd7 21.Ree1 
Bc2 22.Ra3 b4 23.cxb4 axb4 24.Rxa8 Rxa8 25.Rc1 Bxb3 26.Rxc6 Bd5 27.Rc7 
Bxf3 28.Rxd7 Bd5 29.Rc7 Ra1+ 30.Kh2 Rb1 31.Rc2 b3 32.Rd2 Rc1 33.Ne2 Rc2 
34.Rxc2 bxc2 35.Nc1 Kf8 36.Kg3 Ke7 37.f3 Kd6 38.Kf4 Kc6 39.Ke3 Kb5 40.Kd3 
Bc4+ 41.Ke3 Kb4 42.f4 Bd5 43.g3 f5 44.Kf2 Kc4 45.Ke3 Be4 46.Kd2 Kxd4 47.
Nb3+ Kc4 48.Na1 Bf3 49.Nxc2 Bxh5 50.b3+ Kd5 51.Ke3 g5 52.fxg5 hxg5 53.b4 
e5 54.Na3 f4+ 55.gxf4 exf4+ 56.Kf2 g4 57.b5 Kc5 58.b6 Kxb6 59.Nc4+ Kc5 60.
Ne5 Kd5 61.Nd3 g3+ 62.Kg2 Ke4 63.Ne1 Bd1 64.Kh3 Bf3 65.Ng2 Bxg2+ 66.Kxg2 
Ke3 67.Kf1 f3 68.Kg1 f2+ 69.Kg2 Ke2 70.Kxg3 f1=Q 71.Kh2 Qf8 72.Kg2 Qg7+ 
73.Kh3 Kf3 74.Kh4 Qg4# 0-1

[Event "LJEM M-V 2025 u18"]
[Site "Malchow"]
[Date "2025.02.04"]
[Round "5.4"]
[White "Asmussen, Johann"]
[Black "Wiechhusen, Laurin-Elias"]
[Result "1-0"]
[WhiteElo "1541"]
[BlackElo "1708"]
[Time "08:30:00"]
[WhiteTeam "HSG Stralsund"]
[BlackTeam "SF Schwerin"]

1.e4 c5 2.Nf3 Nc6 3.b4 cxb4 4.d4 d5 5.exd5 Qxd5 6.c4 bxc3 7.Nxc3 Qa5 8.Rb1
Qxc3+ 9.Bd2 Qa3 10.d5 Nb8 11.Qc2 Bd7 12.Bb5 Nc6 13.dxc6 bxc6 14.Bb4 Qxb4+ 
15.Rxb4 cxb5 16.Ne5 e6 17.Rd4 Nf6 18.Nxd7 Nxd7 19.Qc6 Rd8 20.O-O Ke7 21.
Qc7 g6 22.Rfd1 Bh6 23.Rxd7+ Rxd7 24.Rxd7+ Kf6 25.Rxf7+ 1-0

[Event "LJEM M-V 2025 u18"]
[Site "Malchow"]
[Date "2025.02.04"]
[Round "5.5"]
[White "Radtke, Thorben"]
[Black "Schulz, Bruno Andreas"]
[Result "0-1"]
[WhiteElo "1594"]
[BlackElo "1819"]
[Time "08:30:00"]
[WhiteTeam "ESV Waren"]
[BlackTeam "TuS Makkabi Rostock"]

1.e4 c5 2.Bc4 e6 3.Nf3 a6 4.a4 Qc7 5.Nc3 Nc6 6.d3 Nf6 7.Be3 b6 8.O-O Be7 
9.Qd2 Bb7 10.Bf4 d6 11.Rfe1 O-O 12.e5 dxe5 13.Nxe5 Nxe5 14.Bxe5 Qc6 15.Ne4
Rad8 16.Qg5 h6 17.Qg3 Kh7 18.Qh3 Nd5 19.Bxd5 Qxd5 20.Qg3 Rg8 21.Bc7 Rd7 
22.Bxb6 f5 23.Nc3 Qc6 24.a5 Rd4 25.Ne2 Rg4 26.Qh3 Rxg2+ 27.Kf1 Rg4 28.f3 
Rf8 29.d4 cxd4 30.Nxd4 Rxd4 31.Bxd4 Qc4+ 32.Re2 Qxd4 33.Rxe6 Bc5 34.Qg3 
Bd5 35.Rg6 f4 36.Qg2 Bc4+ 37.Ke1 Re8+ 38.Re6 Rxe6+ 39.Qe2 Rxe2+ 40.Kf1 
Qg1# 0-1

[Event "LJEM M-V 2025 u18"]
[Site "Malchow"]
[Date "2025.02.04"]
[Round "5.6"]
[White "Thormählen, Tjark"]
[Black "Gorski, Paul Peter"]
[Result "1-0"]
[WhiteElo "1626"]
[BlackElo "1657"]
[Time "08:30:00"]
[WhiteTeam "SG Güstrow/Teterow"]
[BlackTeam "Think Rochade - SC HRO"]

1.e4 c6 2.Nc3 d5 3.Nf3 dxe4 4.Nxe4 Nf6 5.Qe2 Nxe4 6.Qxe4 Qa5 7.Bc4 Bf5 8.
Qf4 e6 9.c3 Nd7 10.O-O Be7 11.d4 O-O 12.Qg3 Bg6 13.Bf4 Rac8 14.Rfe1 Nf6 
15.Bg5 Nh5 16.Qh4 Bxg5 17.Nxg5 Nf6 18.Nxe6 fxe6 19.Bxe6+ Kh8 20.Bxc8 Rxc8 
21.Re5 Qb6 22.b3 a5 23.Rae1 a4 24.b4 Qa6 25.Re6 Kg8 26.Qh3 Rf8 27.Re7 Qc4 
28.Qe6+ Bf7 29.Rxf7 1-0

[Event "LJEM M-V 2025 u18"]
[Site "Malchow"]
[Date "2025.02.04"]
[Round "5.7"]
[White "Mochtak, Maximilian"]
[Black "Franke, Jasper"]
[Result "1/2-1/2"]
[WhiteElo "1507"]
[BlackElo "996"]
[Time "08:30:00"]
[WhiteTeam "TuS Makkabi Rostock"]
[BlackTeam "SG Güstrow/Teterow"]

1.d4 d5 2.Bf4 c5 3.c3 Nc6 4.Nf3 Bf5 5.e3 cxd4 6.cxd4 f6 7.Nc3 g5 8.Bxg5 e6
9.Rc1 a6 10.Bd3 Bxd3 11.Qxd3 Nh6 12.h3 Bg7 13.e4 dxe4 14.Nxe4 f5 15.Rc4 
Qa5+ 16.Nc3 Rd8 17.Qe4 Kf7 18.O-O Qb6 1/2-1/2

[Event "LJEM M-V 2025 u18"]
[Site "Malchow"]
[Date "2025.02.04"]
[Round "5.8"]
[White "Karff, Tom"]
[Black "Vollmer, Willem Maarten"]
[Result "1/2-1/2"]
[WhiteElo "1850"]
[BlackElo "1385"]
[Time "08:30:00"]
[WhiteTeam "SG Güstrow/Teterow"]
[BlackTeam "SF Schwerin"]

1.e4 e5 2.Nf3 Nc6 3.Bc4 Bc5 4.c3 Nf6 5.d4 exd4 6.e5 d5 7.Bb3 Ne4 8.cxd4 
Bb4+ 9.Bd2 Nxd2 10.Nbxd2 Bg4 11.Ba4 Bd7 12.O-O O-O 13.a3 Bxd2 14.Bxc6 Bxc6
15.Qxd2 Bd7 1/2-1/2

[Event "LJEM M-V 2025 u18"]
[Site "Malchow"]
[Date "2025.02.04"]
[Round "5.9"]
[White "Stepanjan, Marianne"]
[Black "Röseler, Ole"]
[Result "1-0"]
[WhiteElo "1689"]
[BlackElo "1116"]
[Time "08:30:00"]
[WhiteTeam "ESV 1888 Wittenberge"]
[BlackTeam "SG Güstrow/Teterow"]

1.e4 c5 2.Nf3 Nc6 3.d4 cxd4 4.Nxd4 d6 5.Nc3 Nf6 6.Bc4 g6 7.O-O Bg7 8.Be3 
Ng4 9.h3 Nxe3 10.fxe3 O-O 11.Bb3 Bd7 12.Qd2 Rc8 13.Qf2 e6 14.Ndb5 Be8 15.
Rad1 Be5 16.Bxe6 Qe7 17.Bxc8 1-0

[Event "LJEM M-V 2025 u18"]
[Site "Malchow"]
[Date "2025.02.04"]
[Round "5.10"]
[White "Sens, Gerda"]
[Black "Kunz, Chayenne"]
[Result "1-0"]
[WhiteElo "1581"]
[BlackElo "829"]
[Time "08:30:00"]
[WhiteTeam "SSC Rostock 07"]
[BlackTeam "ESV Waren"]

1.e4 e5 2.Nf3 Nc6 3.Bc4 Nf6 4.Nc3 Be7 5.d3 Bc5 6.O-O O-O 7.Bg5 Be7 8.d4 d6
9.d5 Na5 10.Bb3 a6 11.h3 Nh5 12.Qd2 f6 13.Be3 c6 14.dxc6+ Kh8 15.cxb7 Bxb7
16.Bd5 Bxd5 17.Qxd5 Rb8 18.Rab1 Nb7 19.Ba7 Rc8 20.Qxb7 Qa5 21.Qxe7 Nf4 22.
Qxd6 Rc7 23.Qxf8# 1-0